000
00328 a2200157 4500
001
186054
020
_a
0-19-422872-X
040
_c
Magnum
100
_a
Flinders, Steve
240
1
0
_a
The olympic games
_l
ING
245
1
0
_a
The olympic games
300
_a
30
362
0
_a
2000
697
_a
LITERATURA INGLESA
942
_c
BK
999
_c
186054
_d
186054